| 000 | 00603nam a2200277Ia 4500 | ||
|---|---|---|---|
| 005 | 20260401122325.0 | ||
| 008 | 008 250103s9999 xx 000 0 eng d | ||
| 020 | _a9783039110971 | ||
| 037 | _aTB | ||
| 040 | _aEDL | ||
| 040 | _beng | ||
| 040 | _cEDL | ||
| 041 | _2eng | ||
| 041 | _aeng | ||
| 084 | _a822.14 CRI | ||
| 084 | _qEDL | ||
| 245 | 0 | _aLanguages of Performance in British Romanticism | |
| 260 | _aBern | ||
| 260 | _bPeter Lang Ltd. | ||
| 260 | _c2008 | ||
| 300 | _a357p | ||
| 942 | _cTB | ||
| 942 | _h822.14 CRI | ||
| 999 |
_c1846514 _d1846514 |
||